000 00500nam a2200169Ia 4500
005 20250613040639.0
008 240331s9999 xx 000 0 und d
020 _a9552104246
082 _bHIT
_a306
100 _aHiththatiye Sri Vimalakeerthi, Uditha Himi
245 0 _aBharathiya dharma shasthra saha sinhala sirith virith
250 _a2nd
260 _aColombo
_bA.M.D. Gunasena & Co
_c1989
300 _a317 p .,
500 _aA book of Indian Dharma Shastras and Sinhala Customs
942 _cL
999 _c2125
_d2125